| 000 | 00885nam a22002537a 4500 | ||
|---|---|---|---|
| 003 | URS | ||
| 005 | 20260212174659.0 | ||
| 008 | 260212b |||||||| |||| 00| 0 eng d | ||
| 020 | _a9786214271764 | ||
| 040 |
_aDLC _beng _cDLC _dURS _erda |
||
| 050 |
_aLB 3051 _b.M112 2024 |
||
| 100 | _aMañas, Jonathan L. | ||
| 245 |
_aAssessment of learning 1/ _cJonathan L. Mañas.- |
||
| 264 |
_aIntramuros, Manila: _bUnlimited books library services and publishing incorporation, _c2024. |
||
| 300 |
_avi, _b148 pages :illustrations; _c23 centimeters. |
||
| 336 |
_2rdacontent _atext _btxt |
||
| 337 |
_2rdamedia _aunmediated _bn |
||
| 338 |
_2rdacarrier _avolume _bnc |
||
| 504 | _aincludes references. | ||
| 546 | _aIn English text. | ||
| 650 | _2Educational tests and measurements- Philippines | ||
| 650 | _2Education - Philippines | ||
| 942 |
_2lcc _cF _hLB 3051 _i.M112 2024 |
||
| 999 |
_c89352 _d89349 |
||